| 000 | 00501nam a2200169 4500 | ||
|---|---|---|---|
| 001 | 127545 | ||
| 003 | ES-MaACL | ||
| 005 | 20230906193032.0 | ||
| 007 | t| | ||
| 008 | 070214s1973 sp r ||||1| spa d | ||
| 100 | 1 |
_aRieupeyrout, Jean-Louis. _997173 |
|
| 245 | 1 | 0 |
_aHistoria del far-west / _cJean-Louis Rieupeyrout ; versión de B. Losada. |
| 260 |
_aBarcelona : _bLuis Caralt, _c1973. |
||
| 300 |
_a2 v. : _bil. ; _c22 cm. |
||
| 700 | 1 |
_aLosada, B. _974250 |
|
| 852 |
_aES-MaACL _jC-51300 _bR.85185 |
||
| 999 |
_c127545 _d127545 |
||